00562nam a22001812 4500001001100000005001700011008004100028040001500069100003700084245008600121250001300207260004300220300001200263650003200275650003300307650003700340852000300377000001176120151217155847.0090107s xx 000 0 eng d aKABUcKABU1 aWoods, Wilfrid, Sir.@000016775012aA Report on a fiscal survey of Kenya, Uganda and Tanganyika /cSir Wilfrid Woods. a1st ed. aNairobi :bGovernment Printer,c[1946] a178 p. 0aFinancezKenya.@0000167751 0aFinancezUganda.@0000167752 0aFinancezTanganyika.@00001677531